[Event "NOR-chT Elite 2425"]
[Site "Norway"]
[Date "2025.02.08"]
[Round "5.41"]
[White "Sklyarov, Dmitry V"]
[Black "Pantzar, Milton"]
[Result "0-1"]
[WhiteElo "2429"]
[BlackElo "2456"]
[PlyCount "122"]
[EventDate "2024.10.25"]
[EventType "team-tourn"]
[EventRounds "9"]
[EventCountry "NOR"]
[SourceTitle "CB16_2025"]
[SourceDate "2025.04.16"]
[SourceVersion "1"]
[SourceVersionDate "2025.04.16"]
[SourceQuality "1"]
[WhiteTeam "Alta"]
[BlackTeam "Oslo SK 1911"]
[WhiteTeamCountry "NOR"]
[BlackTeamCountry "NOR"]

1. Nf3 d5 2. g3 Nf6 3. Bg2 e6 4. 0-0 Be7 5. d3 0-0 6. Nbd2 c5 7. e4 Nc6 8. Re1 Qc7 9. c3 Rd8 10. a4 Rb8 11. Qe2 h6 12. Nf1 dxe4 13. dxe4 b6 14. e5 Nh7 15. Rb1 Bb7 16. Bd2 Qd7 17. Red1 Qe8 18. h4 Rbc8 19. b3 c4 20. b4 Nxb4 21. cxb4 c3 22. Bxc3 Rxc3 23. Rxd8 Qxd8 24. Ne3 Qc7 25. Nd4 Bxg2 26. Nb5 Rxe3 27. fxe3 Qxe5 28. Qxg2 Qxe3+ 29. Qf2 Qd3 30. Rf1 Nf6 31. Qf3 Qd2 32. Nxa7 Qxb4 33. Nc6 Bc5+ 34. Kh1 Qxa4 35. Ne5 Bd6 36. Nd3 Qd4 37. Nf2 Qe5 38. Kg2 h5 39. Rc1 Qd5 40. Rc6 Bc5 41. Qxd5 Nxd5 42. Ne4 Be7 43. Nc3 Nxc3 44. Rxc3 b5 45. Rc7 Bf8 46. Rb7 b4 47. Kf3 g6 48. Ke4 Bd6 49. Kf3 Kg7 50. Rb6 Be7 51. Rb7 Kf6 52. Rb6 Bc5 53. Rc6 Bd4 54. Rc4 Bc3 55. Rc5 Be5 56. Rb5 Bd6 57. Rb6 Ke5 58. Rb7 f5 59. Rg7 Kd5 60. Rxg6 b3 61. Rg7 Kc6 0-1

[Event "NOR-chT Elite 2425"]
[Site "Norway"]
[Date "2024.10.25"]
[Round "1.21"]
[White "Holm, Kristian Stuvik"]
[Black "Sklyarov, Dmitry V"]
[Result "1/2-1/2"]
[WhiteElo "2485"]
[BlackElo "2434"]
[PlyCount "37"]
[EventDate "2024.10.25"]
[EventType "team-tourn"]
[EventRounds "9"]
[EventCountry "NOR"]
[SourceTitle "CB44_2024"]
[Source "Chessbase"]
[SourceDate "2024.10.30"]
[SourceVersion "1"]
[SourceVersionDate "2024.10.30"]
[SourceQuality "1"]
[WhiteTeam "Valerenga"]
[BlackTeam "Alta"]
[WhiteTeamCountry "NOR"]
[BlackTeamCountry "NOR"]

1. d4 d5 2. c4 dxc4 3. Nf3 a6 4. e3 b5 5. a4 Bb7 6. b3 e6 7. bxc4 bxc4 8. Bxc4 Nf6 9. Nbd2 Nbd7 10. 0-0 c5 11. Ba3 Be7 12. Nb3 cxd4 13. Bxe7 Qxe7 14. Nfxd4 0-0 15. Na5 Ne5 16. Be2 Bd5 17. f3 Rfc8 18. Qd2 Bc4 19. Nxc4 1/2-1/2

[Event "NOR-chT Elite 2324"]
[Site "Norway"]
[Date "2024.02.03"]
[Round "5.31"]
[White "Tari, Aryan"]
[Black "Sklyarov, Dmitry V"]
[Result "1-0"]
[WhiteElo "2631"]
[BlackElo "2450"]
[PlyCount "59"]
[EventDate "2023.10.27"]
[EventType "team-tourn"]
[EventRounds "9"]
[EventCountry "NOR"]
[SourceTitle "CBM 219 Extra"]
[Source "ChessBase"]
[SourceDate "2024.05.31"]
[SourceVersion "1"]
[SourceVersionDate "2024.05.31"]
[SourceQuality "1"]
[WhiteTeam "Offerspill"]
[BlackTeam "Alta"]
[WhiteTeamCountry "NOR"]
[BlackTeamCountry "NOR"]

1. e4 e6 2. d4 d5 3. Nc3 Nf6 4. e5 Nfd7 5. Nce2 c5 6. c3 Nc6 7. f4 Be7 8. Nf3 0-0 9. Be3 b5 10. f5 cxd4 11. cxd4 Qa5+ 12. Bd2 Qb6 13. h4 Bb7 14. Qb1 Rac8 15. h5 f6 16. h6 g6 17. fxg6 fxe5 18. gxh7+ Kf7 19. Rh5 Nb4 20. Ng5+ Bxg5 21. Rxg5 Nc2+ 22. Qxc2 Rxc2 23. Rg7+ Ke8 24. Rg8 exd4 25. h8Q d3 26. Rxf8+ Nxf8 27. Bb4 dxe2 28. Qxf8+ Kd7 29. Qf7+ Kc8 30. Qg8+ 1-0

[Event "NOR-chT Elite 2324"]
[Site "Norway"]
[Date "2024.02.02"]
[Round "4.41"]
[White "Sklyarov, Dmitry V"]
[Black "Yilmaz, Mustafa"]
[Result "0-1"]
[WhiteElo "2450"]
[BlackElo "2633"]
[PlyCount "52"]
[EventDate "2023.10.27"]
[EventType "team-tourn"]
[EventRounds "9"]
[EventCountry "NOR"]
[SourceTitle "CBM 219 Extra"]
[Source "ChessBase"]
[SourceDate "2024.05.31"]
[SourceVersion "1"]
[SourceVersionDate "2024.05.31"]
[SourceQuality "1"]
[WhiteTeam "Alta"]
[BlackTeam "Valerenga"]
[WhiteTeamCountry "NOR"]
[BlackTeamCountry "NOR"]

1. Nf3 d5 2. g3 g6 3. Bg2 Bg7 4. d4 Nf6 5. 0-0 0-0 6. c3 Nbd7 7. Bf4 c6 8. Nbd2 Re8 9. Re1 Nh5 10. Be3 Qc7 11. c4 Nb6 12. b3 f5 13. Ne5 Be6 14. c5 Nd7 15. Nd3 g5 16. Bxg5 Bxd4 17. e4 Bxa1 18. Qxh5 Bf7 19. Qh4 dxe4 20. Nxe4 Bg7 21. Bf4 e5 22. Nd6 exf4 23. Nxe8 Rxe8 24. Rxe8+ Bxe8 25. Qe7 Bf7 26. Bh3 Bf6 0-1

[Event "FIN-chT 2324"]
[Site "Finland"]
[Date "2024.01.14"]
[Round "9.1"]
[White "Keinanen, Toivo"]
[Black "Sklyarov, Dmitry V"]
[Result "1/2-1/2"]
[WhiteElo "2514"]
[BlackElo "2453"]
[PlyCount "120"]
[EventDate "2023.09.23"]
[EventType "team-tourn"]
[EventRounds "11"]
[EventCountry "FIN"]
[SourceTitle "EXT 2025"]
[Source "ChessBase"]
[SourceDate "2024.10.14"]
[SourceVersion "1"]
[SourceVersionDate "2024.10.14"]
[SourceQuality "1"]
[WhiteTeam "Espoo MatSK"]
[BlackTeam "Jyvaskyla JyS"]
[WhiteTeamCountry "FIN"]
[BlackTeamCountry "FIN"]

1. d4 e6 2. c4 b6 3. a3 Bb7 4. Nc3 f5 5. d5 Nf6 6. g3 Na6 7. Bg2 Nc5 8. Nh3 Bd6 9. 0-0 0-0 10. Qc2 Be5 11. Rd1 Qe8 12. Be3 Nce4 13. Nxe4 fxe4 14. dxe6 Qxe6 15. Ng5 Qf5 16. f3 Rae8 17. Bh3 Qg6 18. f4 Bd6 19. c5 bxc5 20. Qb3+ Kh8 21. Qxb7 h6 22. Nf3 exf3 23. Qxf3 Qe4 24. Qxe4 Rxe4 25. Bd2 Rxe2 26. Bf1 Re7 27. Re1 Ne4 28. Ba5 Rfe8 29. Bd3 Nf6 30. Rxe7 Rxe7 31. Rd1 g5 32. Bc3 Kg7 33. Bf5 gxf4 34. gxf4 Bxf4 35. Rxd7 Rxd7 36. Bxf6+ Kxf6 37. Bxd7 Bc1 38. Kf2 Ke5 39. b3 Bxa3 40. Ke3 c4 41. bxc4 Kd6 42. Bb5 Kc5 43. Kd3 Bb2 44. Ba6 Kb6 45. Bc8 a5 46. Kc2 Be5 47. h3 a4 48. Kb1 Kc5 49. Be6 Kb4 50. Ka2 Bd6 51. Bf7 Be7 52. Be8 a3 53. Bf7 Kc3 54. Be6 h5 55. Bf7 h4 56. Be6 Bc5 57. Bf7 Kd4 58. Kb3 Ke4 59. Bd5+ Kf4 60. Be6 Kg3 1/2-1/2

[Event "FIN-chT 2324"]
[Site "Finland"]
[Date "2023.11.24"]
[Round "5.1"]
[White "Sklyarov, Dmitry V"]
[Black "Tiitta, Sauli"]
[Result "1-0"]
[WhiteElo "2453"]
[BlackElo "2166"]
[PlyCount "95"]
[EventDate "2023.09.23"]
[EventType "team-tourn"]
[EventRounds "11"]
[EventCountry "FIN"]
[SourceTitle "EXT 2025"]
[Source "ChessBase"]
[SourceDate "2024.10.14"]
[SourceVersion "1"]
[SourceVersionDate "2024.10.14"]
[SourceQuality "1"]
[WhiteTeam "Jyvaskyla JyS"]
[BlackTeam "Espoo MatSK II"]
[WhiteTeamCountry "FIN"]
[BlackTeamCountry "FIN"]

1. Nf3 d5 2. c4 dxc4 3. e3 a6 4. Bxc4 e6 5. 0-0 Nf6 6. Be2 Bd6 7. e4 e5 8. d4 Nc6 9. dxe5 Nxe5 10. Nxe5 Bxe5 11. Qxd8+ Kxd8 12. Rd1+ Ke7 13. f4 Bd6 14. Nc3 Bc5+ 15. Kf1 c6 16. h3 Rd8 17. Rxd8 Kxd8 18. e5 Nd5 19. Nxd5 cxd5 20. Bd3 Bd7 21. Ke2 Rc8 22. Be3 d4 23. Bd2 h5 24. Rc1 Bb6 25. Rxc8+ Kxc8 26. Bc4 Be6 27. Bxe6+ fxe6 28. Kd3 Kd7 29. Be1 Kc6 30. Ke4 Kc5 31. b3 g6 32. Bf2 Kb4 33. Bxd4 Bd8 34. Bb2 a5 35. g4 hxg4 36. hxg4 a4 37. bxa4 Kxa4 38. f5 gxf5+ 39. gxf5 exf5+ 40. Kxf5 Kb5 41. e6 Be7 42. Kg6 Kc6 43. Kf7 Bc5 44. Bf6 Kd5 45. Be7 Be3 46. Bf8 Bg5 47. Bg7 Bd8 48. Bf6 1-0

[Event "NOR-chT Elite 2324"]
[Site "Norway"]
[Date "2023.10.29"]
[Round "3.21"]
[White "Kvaloy, Aksel Bu"]
[Black "Sklyarov, Dmitry V"]
[Result "1-0"]
[WhiteElo "2458"]
[BlackElo "2453"]
[PlyCount "65"]
[EventDate "2023.10.27"]
[EventType "team-tourn"]
[EventRounds "9"]
[EventCountry "NOR"]
[SourceTitle "CBM 216 Extra"]
[Source "ChessBase"]
[SourceDate "2023.11.30"]
[SourceVersion "1"]
[SourceVersionDate "2023.11.30"]
[SourceQuality "1"]
[WhiteTeam "Stavanger"]
[BlackTeam "Alta"]
[WhiteTeamCountry "NOR"]
[BlackTeamCountry "NOR"]

1. e4 d6 2. d4 Nf6 3. Nc3 e5 4. Nge2 Be7 5. h3 0-0 6. g4 exd4 7. Nxd4 d5 8. e5 Ne4 9. Nxe4 dxe4 10. Bg2 Qd5 11. Bf4 Nd7 12. Nf5 Qa5+ 13. c3 Re8 14. Nxe7+ Rxe7 15. 0-0 c6 16. b4 Qd5 17. Re1 Nb6 18. Qc2 f5 19. exf6 gxf6 20. Rad1 Qf7 21. Rd8+ Kg7 22. Qd2 Qg6 23. Bh6+ Qxh6 24. Rg8+ Kxg8 25. Qxh6 Rf7 26. Bxe4 Bd7 27. Rd1 Re8 28. Rxd7 Nxd7 29. Bxh7+ Rxh7 30. Qg6+ Kf8 31. Qxh7 Re7 32. Qf5 Kg7 33. h4 1-0

[Event "NOR-chT Elite 2324"]
[Site "Norway"]
[Date "2023.10.28"]
[Round "2.51"]
[White "Sklyarov, Dmitry V"]
[Black "Ostenstad, Berge"]
[Result "1-0"]
[WhiteElo "2453"]
[BlackElo "2441"]
[PlyCount "117"]
[EventDate "2023.10.27"]
[EventType "team-tourn"]
[EventRounds "9"]
[EventCountry "NOR"]
[SourceTitle "CBM 216 Extra"]
[Source "ChessBase"]
[SourceDate "2023.11.30"]
[SourceVersion "1"]
[SourceVersionDate "2023.11.30"]
[SourceQuality "1"]
[WhiteTeam "Alta"]
[BlackTeam "Asker"]
[WhiteTeamCountry "NOR"]
[BlackTeamCountry "NOR"]

1. c4 Nf6 2. Nc3 c5 3. Nf3 e6 4. d4 cxd4 5. Nxd4 d5 6. e3 Nc6 7. cxd5 exd5 8. Bb5 Bd7 9. 0-0 Bd6 10. Nf3 Be6 11. b3 0-0 12. Bb2 a6 13. Bd3 Bg4 14. h3 Bh5 15. Be2 Re8 16. Nh4 Bg6 17. Nxg6 hxg6 18. Bf3 Be5 19. Rb1 d4 20. exd4 Bxd4 21. Na4 Ba7 22. Bxc6 bxc6 23. Qxd8 Raxd8 24. Bxf6 gxf6 25. Rb2 Re6 26. Rc1 Red6 27. Re2 Kf8 28. g3 Re8 29. Kf1 Rxe2 30. Kxe2 Ke8 31. g4 Kd7 32. Nc5+ Bxc5 33. Rxc5 Kc7 34. h4 Re6+ 35. Kf1 Kd6 36. Ra5 Re5 37. Rxa6 f5 38. Ra7 Ke6 39. Rc7 c5 40. g5 Re4 41. Rxc5 Rxh4 42. Rc6+ Ke5 43. Rc7 Rg4 44. Rc4 f4 45. Ke2 Kd6 46. Kf3 Rxg5 47. Rxf4 f5 48. Ra4 Rg1 49. Kf4 Ke6 50. Ra6+ Kd5 51. f3 Rg2 52. a4 g5+ 53. Kxf5 Rg3 54. Ra5+ Kd4 55. Rb5 Rxf3+ 56. Kxg5 Rf1 57. a5 Rf2 58. b4 Kc4 59. Rb6 1-0

[Event "FIN-chT 2324"]
[Site "Finland"]
[Date "2023.09.23"]
[Round "1.1"]
[White "Kulaots, Kaido"]
[Black "Sklyarov, Dmitry V"]
[Result "1-0"]
[WhiteElo "2503"]
[BlackElo "2453"]
[PlyCount "81"]
[EventDate "2023.09.23"]
[EventType "team-tourn"]
[EventRounds "11"]
[EventCountry "FIN"]
[SourceTitle "CBM 216 Extra"]
[Source "ChessBase"]
[SourceDate "2023.11.30"]
[SourceVersion "1"]
[SourceVersionDate "2023.11.30"]
[SourceQuality "1"]
[WhiteTeam "Salo SalSK"]
[BlackTeam "Jyvaskyla JyS"]
[WhiteTeamCountry "FIN"]
[BlackTeamCountry "FIN"]

1. e4 d6 2. d4 Nf6 3. Nc3 e5 4. Nf3 exd4 5. Nxd4 Be7 6. Bf4 0-0 7. Qd2 Nc6 8. 0-0-0 Nxd4 9. Qxd4 Be6 10. f3 a6 11. g4 b5 12. Qd2 c6 13. Ne2 d5 14. e5 Nd7 15. Nd4 c5 16. Nc6 Qe8 17. Bd3 f6 18. Bf5 Bxf5 19. Qxd5+ Kh8 20. gxf5 Nxe5 21. Nxe5 fxe5 22. Bxe5 Rd8 23. Qe6 Bf6 24. Rxd8 Qxd8 25. Rd1 Qe8 26. Bxf6 gxf6 27. Kb1 Qxe6 28. fxe6 Kg7 29. Rd6 Ra8 30. a3 Kg6 31. e7 Re8 32. Rxa6 Rxe7 33. Rb6 Re2 34. Rxb5 Rxh2 35. Rxc5 h5 36. b4 h4 37. Rc8 Rf2 38. Rh8 Rxf3 39. Rxh4 Rxa3 40. Kb2 Ra8 41. b5 1-0

[Event "FIN-chT 2223"]
[Site "Finland"]
[Date "2023.04.01"]
[Round "10.1"]
[White "Binham, Timothy F"]
[Black "Sklyarov, Dmitry V"]
[Result "0-1"]
[WhiteElo "2285"]
[BlackElo "2462"]
[PlyCount "84"]
[EventDate "2022.09.24"]
[EventType "team-tourn"]
[EventRounds "11"]
[EventCountry "FIN"]
[SourceTitle "EXT 2024"]
[Source "ChessBase"]
[SourceDate "2023.10.10"]
[SourceVersion "1"]
[SourceVersionDate "2023.10.10"]
[SourceQuality "1"]
[WhiteTeam "Helsinki HSK"]
[BlackTeam "Jyvaskyla JyS"]
[WhiteTeamCountry "FIN"]
[BlackTeamCountry "FIN"]

1. e4 c5 2. Nf3 Nf6 3. Nc3 d5 4. exd5 Nxd5 5. Bb5+ Bd7 6. Ne5 Nf6 7. Nxd7 Nbxd7 8. d4 cxd4 9. Qxd4 a6 10. Bxd7+ Qxd7 11. Be3 Qxd4 12. Bxd4 e6 13. 0-0-0 Be7 14. Rd3 Rd8 15. Rhd1 h5 16. h4 0-0 17. a4 Rfe8 18. Bb6 Rxd3 19. Rxd3 Rc8 20. g3 Kf8 21. Kd1 Ke8 22. Rd4 Nd7 23. a5 Nxb6 24. axb6 Bf6 25. Rb4 Bxc3 26. bxc3 Rxc3 27. Kd2 Rc5 28. c4 Kd7 29. Kd3 Kc6 30. Kd4 Ra5 31. Rb2 Ra3 32. Ke4 Kc5 33. Rd2 Rb3 34. Rd7 Rxb6 35. Rxf7 a5 36. Rxg7 a4 37. Kd3 a3 38. Rg5+ Kb4 39. Kc2 Kxc4 40. Rxh5 Rb2+ 41. Kc1 Rxf2 42. Ra5 a2 0-1

[Event "FIN-chT 2223"]
[Site "Finland"]
[Date "2023.02.11"]
[Round "9.1"]
[White "Sklyarov, Dmitry V"]
[Black "Jouhki, Yrjo Markus"]
[Result "0-1"]
[WhiteElo "2462"]
[BlackElo "2254"]
[PlyCount "68"]
[EventDate "2022.09.24"]
[EventType "team-tourn"]
[EventRounds "11"]
[EventCountry "FIN"]
[SourceTitle "EXT 2024"]
[Source "ChessBase"]
[SourceDate "2023.10.10"]
[SourceVersion "1"]
[SourceVersionDate "2023.10.10"]
[SourceQuality "1"]
[WhiteTeam "Jyvaskyla JyS"]
[BlackTeam "Joensuu SK"]
[WhiteTeamCountry "FIN"]
[BlackTeamCountry "FIN"]

1. c4 Nf6 2. Nc3 e5 3. Nf3 Nc6 4. d4 exd4 5. Nxd4 Bb4 6. g3 0-0 7. Bg2 Re8 8. 0-0 Ne5 9. Nd5 Nxd5 10. cxd5 Bc5 11. b3 d6 12. Bb2 Bd7 13. h3 c6 14. dxc6 bxc6 15. Rc1 Qb6 16. Kh2 d5 17. e3 Rac8 18. Nf3 Nxf3+ 19. Bxf3 Bf8 20. Bd4 c5 21. Bc3 Qh6 22. Qxd5 Qxh3+ 23. Kg1 Bc6 24. Bg2 Qh6 25. Qf5 c4 26. Bd4 Bxg2 27. Kxg2 Qa6 28. Rh1 h6 29. bxc4 Rxc4 30. Rxc4 Qxc4 31. Qa5 Qc6+ 32. Kh2 Qf3 33. Rf1 Bd6 34. Qe1 Re4 0-1

[Event "FIN-chT 2223"]
[Site "Finland"]
[Date "2023.01.15"]
[Round "8.1"]
[White "Karttunen, Mika"]
[Black "Sklyarov, Dmitry V"]
[Result "1-0"]
[WhiteElo "2495"]
[BlackElo "2462"]
[PlyCount "47"]
[EventDate "2022.09.24"]
[EventType "team-tourn"]
[EventRounds "11"]
[EventCountry "FIN"]
[SourceTitle "EXT 2024"]
[Source "ChessBase"]
[SourceDate "2023.10.10"]
[SourceVersion "1"]
[SourceVersionDate "2023.10.10"]
[SourceQuality "1"]
[WhiteTeam "Tampere Tammer"]
[BlackTeam "Jyvaskyla JyS"]
[WhiteTeamCountry "FIN"]
[BlackTeamCountry "FIN"]

1. e4 e6 2. d4 d5 3. Nc3 Bb4 4. e5 c5 5. a3 Bxc3+ 6. bxc3 Ne7 7. h4 Qc7 8. h5 cxd4 9. cxd4 Qc3+ 10. Bd2 Qxd4 11. Nf3 Qe4+ 12. Be2 Nf5 13. Kf1 Nc6 14. Bd3 Qg4 15. Rb1 h6 16. Qc1 0-0 17. Bf4 f6 18. Be2 fxe5 19. Nxe5 Ng3+ 20. fxg3 Qxg3 21. Ng6 e5 22. Nxf8 exf4 23. Ng6 Nd4 24. Qxf4 1-0

[Event "FIN-chT 2223"]
[Site "Finland"]
[Date "2022.10.15"]
[Round "3.1"]
[White "Sklyarov, Dmitry V"]
[Black "Koykka, Pekka"]
[Result "1/2-1/2"]
[WhiteElo "2462"]
[BlackElo "2353"]
[PlyCount "62"]
[EventDate "2022.09.24"]
[EventType "team-tourn"]
[EventRounds "11"]
[EventCountry "FIN"]
[SourceTitle "EXT 2024"]
[Source "ChessBase"]
[SourceDate "2023.10.10"]
[SourceVersion "1"]
[SourceVersionDate "2023.10.10"]
[SourceQuality "1"]
[WhiteTeam "Jyvaskyla JyS"]
[BlackTeam "Gambiitti"]
[WhiteTeamCountry "FIN"]
[BlackTeamCountry "FIN"]

1. c4 c6 2. d4 d5 3. cxd5 cxd5 4. Bf4 Nc6 5. e3 Nf6 6. Nc3 Bf5 7. Qb3 Na5 8. Qa4+ Bd7 9. Qc2 Rc8 10. Bd3 e6 11. Nf3 Nc4 12. 0-0 Bb4 13. Rfc1 0-0 14. Ne5 Nxe5 15. Bxe5 h6 16. Qb3 Qa5 17. a3 Bxc3 18. bxc3 Bc6 19. Qb4 Qd8 20. a4 Nd7 21. Bd6 Re8 22. a5 Nb8 23. c4 Na6 24. Qa3 dxc4 25. Bxc4 Nc7 26. Bg3 Nd5 27. f3 Ne7 28. Bf2 Nf5 29. Qb4 Qg5 30. e4 Ne3 31. Bg3 Nxc4 1/2-1/2

[Event "Olympiad-44"]
[Site "Chennai"]
[Date "2022.07.29"]
[Round "1.1"]
[White "Amega Dzaka, Komi Nukunu"]
[Black "Sklyarov, Dmitry V"]
[Result "0-1"]
[WhiteElo "1639"]
[BlackElo "2474"]
[PlyCount "86"]
[EventDate "2022.07.29"]
[EventType "team-swiss"]
[EventRounds "11"]
[EventCountry "IND"]
[SourceTitle "CBM 210"]
[Source "ChessBase"]
[SourceDate "2022.10.31"]
[SourceVersion "1"]
[SourceVersionDate "2022.10.31"]
[SourceQuality "1"]
[WhiteTeam "Togo"]
[BlackTeam "Finland"]
[WhiteTeamCountry "TOG"]
[BlackTeamCountry "FIN"]

1. d4 g6 2. Nf3 Bg7 3. c3 d6 4. Bg5 h6 5. Bh4 Nf6 6. e3 Nbd7 7. Bc4 b6 8. Nbd2 Bb7 9. Qb3 0-0 10. 0-0 c5 11. dxc5 Nxc5 12. Qc2 e6 13. Rfd1 Qe7 14. Be2 Rfd8 15. Rac1 Rac8 16. b4 Ncd7 17. Qa4 a6 18. Bxa6 Ra8 19. b5 Nc5 20. Qb4 Nd3 21. Qa3 Nxc1 22. Rxc1 Bxa6 23. bxa6 Qa7 24. Nc4 Qxa6 25. Qb3 b5 26. Ncd2 Qxa2 27. Qxb5 g5 28. Bg3 g4 29. Bh4 gxf3 30. Nxf3 Rab8 31. Qd3 Rdc8 32. Qxd6 Rb1 33. Qd1 Rxc1 34. Qxc1 Rb8 35. g4 Rb1 36. Qf1 Rxf1+ 37. Kxf1 Qc4+ 38. Ke1 Ne4 39. h3 Bxc3+ 40. Kd1 Qd3+ 41. Kc1 Nc5 42. Nd2 Qxd2+ 43. Kb1 Qb2# 0-1

[Event "FIN-chT 2022"]
[Site "Finland"]
[Date "2021.11.27"]
[Round "11.1"]
[White "Sklyarov, Dmitry V"]
[Black "Ronka, Erik"]
[Result "1-0"]
[WhiteElo "2478"]
[BlackElo "2283"]
[PlyCount "83"]
[EventDate "2020.09.12"]
[EventType "team-tourn"]
[EventRounds "11"]
[EventCountry "FIN"]
[SourceTitle "EXT 2023"]
[Source "ChessBase"]
[SourceDate "2022.10.05"]
[SourceVersion "1"]
[SourceVersionDate "2022.10.05"]
[SourceQuality "1"]
[WhiteTeam "Jyvaskyla JyS"]
[BlackTeam "Vantaa EtVaS"]
[WhiteTeamCountry "FIN"]
[BlackTeamCountry "FIN"]

1. f4 d5 2. Nf3 Nf6 3. g3 g6 4. Bg2 Bg7 5. 0-0 0-0 6. d3 c5 7. c3 Nc6 8. Na3 a6 9. Qe1 d4 10. Bd2 Nd5 11. e4 dxe3 12. Bxe3 b6 13. Bf2 Bb7 14. Nc4 Qc7 15. Qe2 Rad8 16. a4 Rfe8 17. Rae1 Bc8 18. Qc2 b5 19. axb5 axb5 20. Ncd2 e5 21. fxe5 Nxe5 22. Nxe5 Rxe5 23. Rxe5 Bxe5 24. Qb3 Be6 25. Qxb5 Bd6 26. Nc4 Bf8 27. Qa5 Qe7 28. Ne5 Rc8 29. Re1 Nf6 30. Qa6 Qc7 31. Nxf7 Bxf7 32. Qxf6 Rb8 33. Re2 Qd7 34. Be4 Be7 35. Bc6 Bxf6 36. Bxd7 c4 37. dxc4 Bxc4 38. Be6+ Bxe6 39. Rxe6 Bg5 40. Re2 Rb3 41. Bd4 h5 42. Kf1 1-0

[Event "FIN-chT 2022"]
[Site "Finland"]
[Date "2020.09.12"]
[Round "1.1"]
[White "Karttunen, Mika"]
[Black "Sklyarov, Dmitry V"]
[Result "1-0"]
[WhiteElo "2488"]
[BlackElo "2478"]
[PlyCount "89"]
[EventDate "2020.09.12"]
[EventType "team-tourn"]
[EventRounds "11"]
[EventCountry "FIN"]
[SourceTitle "EXT 2023"]
[Source "ChessBase"]
[SourceDate "2022.10.05"]
[SourceVersion "1"]
[SourceVersionDate "2022.10.05"]
[SourceQuality "1"]
[WhiteTeam "Tampere Tammer"]
[BlackTeam "Jyvaskyla JyS"]
[WhiteTeamCountry "FIN"]
[BlackTeamCountry "FIN"]

1. e4 e6 2. d4 d5 3. Nc3 dxe4 4. Nxe4 Nd7 5. Nf3 Ngf6 6. Nxf6+ Nxf6 7. c3 Be7 8. Bd3 0-0 9. Qc2 b6 10. Bg5 h6 11. Bxf6 Bxf6 12. Bh7+ Kh8 13. Be4 Rb8 14. 0-0-0 Bb7 15. Bxb7 Rxb7 16. Qe4 Qd5 17. Qxd5 exd5 18. Rhe1 c6 19. Ne5 Rc8 20. Re2 Kg8 21. Rde1 Re7 22. Ng4 Bg5+ 23. Kd1 Rxe2 24. Rxe2 Kf8 25. g3 Be7 26. Ne3 g6 27. Kc2 h5 28. Kd3 b5 29. b3 Ke8 30. f4 Kd7 31. c4 dxc4+ 32. bxc4 Rb8 33. c5 Bf6 34. d5 cxd5 35. Nxd5 Bd8 36. Kd4 a5 37. f5 gxf5 38. Re5 b4 39. Kc4 Kc6 40. Re8 Kd7 41. Rf8 Kc6 42. Rh8 f6 43. Ne7+ Kd7 44. Nxf5 a4 45. Rh7+ 1-0

[Event "FIN-chT 1920"]
[Site "Finland"]
[Date "2020.02.09"]
[Round "8.1"]
[White "Sklyarov, Dmitry V"]
[Black "Neiksans, Arturs"]
[Result "1/2-1/2"]
[WhiteElo "2480"]
[BlackElo "2577"]
[PlyCount "138"]
[EventDate "2019.09.14"]
[EventType "team-tourn"]
[EventRounds "11"]
[EventCountry "FIN"]
[SourceTitle "EXT 2022"]
[Source "ChessBase"]
[SourceDate "2021.10.06"]
[SourceVersion "1"]
[SourceVersionDate "2021.10.06"]
[SourceQuality "1"]
[WhiteTeam "Jyvaskyla JyS"]
[BlackTeam "Sastamala VammSK"]
[WhiteTeamCountry "FIN"]
[BlackTeamCountry "FIN"]

1. Nf3 Nf6 2. d4 e6 3. e3 d5 4. Bd3 c5 5. b3 Nc6 6. Bb2 cxd4 7. exd4 Bd6 8. 0-0 0-0 9. Nbd2 b6 10. a3 Bb7 11. Qe2 Rc8 12. Ne5 Qc7 13. f4 Ne7 14. Rf2 Ne8 15. Re1 g6 16. Ndf3 Ng7 17. Ng4 f6 18. Nh6+ Kh8 19. g3 Nef5 20. Nxf5 exf5 21. Qf1 Rce8 22. Rfe2 Qd7 23. Rxe8 Nxe8 24. Bb5 Bc6 25. a4 Nc7 26. Bxc6 Qxc6 27. Qd3 Kg7 28. Kg2 Kf7 29. c4 Re8 30. Rxe8 Nxe8 31. Kf2 Bb4 32. cxd5 Qxd5 33. Bc1 Nd6 34. Bd2 Bxd2 35. Nxd2 Qh1 36. Nf1 Ne4+ 37. Ke1 g5 38. Qc2 Kg6 39. Qd3 Nd6 40. Kf2 Ne4+ 41. Ke1 Kg7 42. Qe2 Kf8 43. Qd3 g4 44. Qe2 h5 45. Qd3 h4 46. gxh4 Kg7 47. Qe3 Kg6 48. Ke2 Kh6 49. d5 Qg2+ 50. Ke1 Qh1 51. Qd4 g3 52. hxg3 Nxg3 53. Qxf6+ Kh7 54. Qe7+ Kh8 55. Qd8+ Kh7 56. Qc7+ Kh6 57. Qc6+ Kh7 58. Qc4 Nxf1 59. Qxf1 Qxd5 60. Qc4 Qxc4 61. bxc4 Kg6 62. Kf2 Kh5 63. Kg3 a5 64. Kh3 Kg6 65. Kh2 Kh6 66. Kg2 Kg6 67. Kf3 Kh5 68. Kg3 Kg6 69. Kf3 Kh5 1/2-1/2

[Event "FIN-chT 1920"]
[Site "Finland"]
[Date "2019.10.19"]
[Round "3.1"]
[White "Kanep, Meelis"]
[Black "Sklyarov, Dmitry V"]
[Result "1/2-1/2"]
[WhiteElo "2439"]
[BlackElo "2480"]
[PlyCount "49"]
[EventDate "2019.09.14"]
[EventType "team-tourn"]
[EventRounds "11"]
[EventCountry "FIN"]
[SourceTitle "CBM 192 Extra"]
[Source "Chessbase"]
[SourceDate "2019.11.06"]
[SourceVersion "1"]
[SourceVersionDate "2019.11.06"]
[SourceQuality "1"]
[WhiteTeam "Vantaa EtVaS"]
[BlackTeam "Jyvaskyla JyS"]
[WhiteTeamCountry "FIN"]
[BlackTeamCountry "FIN"]

1. d4 e6 2. c4 Bb4+ 3. Nd2 c5 4. a3 Bxd2+ 5. Qxd2 cxd4 6. Nf3 Nf6 7. Nxd4 0-0 8. e3 d5 9. Be2 e5 10. Nf3 Nc6 11. cxd5 Nxd5 12. 0-0 Be6 13. b4 f6 14. Bb2 Nb6 15. Rac1 a6 16. Qc2 Qd7 17. Rfd1 Qf7 18. Nd2 Rfd8 19. Qb1 Ba2 20. Qa1 Na4 21. Ne4 Bb3 22. Rxd8+ Rxd8 23. Bc3 Bd5 24. Ng3 b5 25. Be1 1/2-1/2

[Event "Kuopio KSY op-A"]
[Site "Kuopio"]
[Date "2019.04.28"]
[Round "4"]
[White "Sklyarov, Dmitry V"]
[Black "Yachmenev, Mikhail A"]
[Result "1-0"]
[WhiteElo "2547"]
[BlackElo "2202"]
[PlyCount "57"]
[EventDate "2019.04.27"]
[EventType "swiss"]
[EventRounds "5"]
[EventCountry "FIN"]
[SourceTitle "EXT 2021"]
[Source "ChessBase"]
[SourceDate "2020.10.23"]
[SourceVersion "1"]
[SourceVersionDate "2020.10.23"]
[SourceQuality "1"]

1. Nf3 Nf6 2. c4 c5 3. g3 e6 4. Bg2 Be7 5. 0-0 0-0 6. b3 Qc7 7. Bb2 a6 8. Nc3 d6 9. Rc1 Nc6 10. e3 Ne5 11. Ne1 Rb8 12. f4 Ned7 13. g4 b5 14. g5 Ne8 15. d3 bxc4 16. dxc4 Nb6 17. Rf2 Bb7 18. e4 Rd8 19. Rcc2 f6 20. h4 g6 21. f5 gxf5 22. exf5 d5 23. fxe6 dxc4 24. Qg4 Rd4 25. Ne4 f5 26. Rxf5 Bxe4 27. Bxe4 Rxf5 28. Qxf5 Qg3+ 29. Kf1 1-0